Statistics for Star Wars Ships by Picture

Click here to take the quiz!

General Stats

  • This quiz has been taken 25 times
  • The average score is 12 of 16

Answer Stats

Answer% Correct
Millennium Falcon
95%
The Ghost
95%
TIE Fighter
95%
X-Wing
95%
Star Destroyer
91%
Y-Wing
91%
Slave I
82%
Venator-class Star Destroyer
82%
N-1 Naboo Starfighter
73%
Executor
68%
Lambda-class T-4a Shuttle
68%
Razor Crest
68%
Tantive IV
68%
Jedi Starfighter
59%
Twilight
41%
ISD Chimaera
0%

Score Distribution

Percentile by Number Answered

Percent of People with Each Score

Your Score History

You have not taken this quiz